| 000 | 00000nam##2200000za#4500 |
| 001 | 9.639750 |
| 003 | CaOODSP |
| 005 | 20210624222326 |
| 007 | cr ||||||||||| |
| 008 | 150407|2001||||xxc|||||o f|0| 0 fre|d |
| 040 | |aCaOODSP|bfre |
| 043 | |an-cn--- |
| 086 | 1 |aCi51-103/2001F-PDF |
| 110 | 1 |aCanada. |bCitoyenneté et immigration Canada. |
| 245 | 10|aLes voix de mon pays : |h[ressource électronique]|bguide d'activités sur le thème de l'appartenance, pour enseignants et responsables de jeunes |
| 260 | |aOttawa - Ontario : |bCitoyenneté et Immigration Canada |c[2001]. |
| 300 | |a36p.|bill. en couleur |
| 590 | |a12-18-Supp|b2012-04-25 |
| 691 | 07|aCitoyenneté|2gcpds |
| 691 | 07|aImmigration|2gcpds |
| 691 | 07|aMatériel didactique|2gcpds |
| 775 | 08|tThe voices of our people : |w(CaOODSP)9.695618 |
| 776 | 0#|tThe voices of our people: an activity guide about belonging |w(CaOODSP)9.663073 |
| 776 | 0#|tLes voix de mon pays: guide d'activités sur le thème de l'appartenance |w(CaOODSP)9.663074 |
| 856 | 40|ahttp://publications.gc.ca|qPDF|s684 Ko|uhttps://publications.gc.ca/collections/Collection/Ci51-103-2001F.pdf |